[Event "Ch Norway (club)"]
[Site "masterchessopen.com - Fagernes (Norway)"]
[Date "2012.06.10"]
[Round "5"]
[White "Hammerstad Asmund (NOR)"]
[Black "Kongevold Hans I (NOR)"]
[Result "1-0"]
[WhiteElo "2213"]
[BlackElo "2046"]

1.d4 f5 2.g3 Nf6 3.Bg2 g6 4.Nf3 Bg7 5.O-O O-O 6.c4 d6 7.Nc3 Nc6 8.d5 Na5 9.b3
c5 10.Bb2 a6 11.Qd2 Rb8 12.e4 fxe4 13.Ng5 b5 14.cxb5 axb5 15.Ncxe4 b4 16.Rac1
Qb6 17.Rfe1 Rb7 18.Bh3 Bxh3 19.Nxh3 Nxe4 20.Rxe4 Bxb2 21.Qxb2 Rd7 22.Qe2 Qb7
23.Rd1 Rf5 24.Nf4 Kf7 25.Re6 Qa8 26.Rxg6 {#r} 1-0

[Event "Tournament (universities)"]
[Site "masterchessopen.com - Goiania (Brazil)"]
[Date "2012.06.15"]
[Round "6"]
[White "Umetsubo Cesar (BRA)"]
[Black "Rocha Vitor Firmo De Souza"]
[Result "1-0"]
[WhiteElo "2241"]
[BlackElo "1912"]

1.d4 f5 2.c4 Nf6 3.g3 g6 4.Bg2 Bg7 5.Nf3 O-O 6.O-O d6 7.Nc3 Nc6 8.Re1 e5 9.d5
Ne7 10.b4 a5 11.Ba3 f4 12.gxf4 exf4 13.bxa5 Nf5 14.Rc1 Ng4 15.c5 Nh4 16.cxd6
cxd6 17.Ne4 Rf5 18.Nxd6 Rh5 19.Nxc8 Nxh2 20.Ne7+ Kh8 21.Nxh4 Rxh4 22.Qa4 Bf6
23.d6 Rxa5 24.Qb3 Ra8 25.Qxb7 f3 26.Bb2 Bd4 27.exf3 Rb8 28.Bxd4+ Rxd4 29.Qxb8
{#r} 1-0

[Event "It (cat.2)"]
[Site "masterchessopen.com - Sao Bernardo (Brazil)"]
[Date "2012.07.04"]
[Round "4"]
[White "Abdalla Luiz Guilherme Aurelli (BRA)"]
[Black "Blit Jacques (ARG)"]
[Result "0-1"]
[WhiteElo "2333"]
[BlackElo "2278"]

1.d4 d6 2.Nf3 f5 3.g3 g6 4.Bg2 Nf6 5.O-O Bg7 6.c4 O-O 7.Nc3 Nc6 8.d5 Ne5
9.Nxe5 dxe5 10.Qb3 Kh8 11.Bd2 h6 12.a4 g5 13.a5 e4 14.Rad1 Ng4 15.Kh1 e3
16.Bxe3 f4 17.Bc5 Qe8 18.Nb5 Qh5 19.h3 Ne5 20.gxf4 gxf4 21.f3 Bxh3 22.Bg1 Rf5
23.Bh2 Bxg2+ 24.Kxg2 Bf6 25.Rh1 Rg8+ 26.Kf1 Bh4 27.Bg1 Qg6 {#R} 0-1

[Event "Ch Central Serbia (open)"]
[Site "masterchessopen.com - Paracin (Serbia)"]
[Date "2012.07.06"]
[Round "1"]
[White "Drenchev Petar (BUL)"]
[Black "Jovanovic Alexandar (SRB)"]
[Result "0-1"]
[WhiteElo "2506"]
[BlackElo "2200"]

1.Nf3 f5 2.g3 g6 3.Bg2 Bg7 4.d4 Nf6 5.O-O O-O 6.c4 Nc6 7.Nc3 d6 8.d5 Na5 9.Nd2
c5 10.Qc2 e5 11.dxe6 Bxe6 12.Nd5 Nxd5 13.cxd5 Bd7 14.Rb1 Qe7 15.Re1 b5 16.b3
c4 17.b4 Nb7 18.Nf3 a5 19.a3 axb4 20.axb4 Ra4 21.Bd2 Rfa8 22.Bc3 Nd8 23.Nd4
Ra2 24.Rb2 R2a3 25.Qc1 Nf7 26.f4 Ra1 {#R} 0-1

[Event "It \"]
[Site "masterchessopen.com - Berlin (Germany)"]
[Date "2012.07.12"]
[Round "6"]
[White "Bornschein B (GER)"]
[Black "Baumeister Wolfgang (GER)"]
[Result "1-0"]
[WhiteElo "1971"]
[BlackElo "1802"]

1.d4 f5 2.Nf3 Nf6 3.c4 g6 4.g3 Bg7 5.Bg2 O-O 6.O-O d6 7.Nc3 Nc6 8.d5 Ne5 9.Qb3
c5 10.dxc6 Nxc6 11.Rd1 Be6 12.Nd5 Na5 13.Qd3 Rc8 14.Ng5 Bd7 15.Nxf6+ Rxf6
16.b3 h6 17.Nh3 Rf8 18.Rb1 Bc6 19.Nf4 Rf6 20.Bb2 e5 21.Bxe5 Bxg2 22.Bxf6 Qxf6
23.Kxg2 Rd8 24.Qd5+ {#r} 1-0

[Event "Tournament (open)"]
[Site "masterchessopen.com - Abaza (Russia)"]
[Date "2012.07.27"]
[Round "7"]
[White "Mokhov Vladimir (RUS)"]
[Black "Khlichkova Tatiana (RUS)"]
[Result "0-1"]
[WhiteElo "2315"]
[BlackElo "2137"]

1.d4 f5 2.c4 d6 3.Nf3 Nf6 4.g3 g6 5.Bg2 Bg7 6.O-O O-O 7.Nc3 Nc6 8.d5 Ne5
9.Nxe5 dxe5 10.e4 f4 11.gxf4 exf4 12.e5 Ng4 13.e6 Ne5 14.Bf3 Nxc4 15.Qe2 Nd6
16.Qd3 b5 17.Nxb5 Ba6 18.a4 Rb8 19.Rd1 Bxb5 20.axb5 Nxb5 21.Qc4 Nd6 22.Qe2 Rb4
23.Rxa7 Qb8 24.Ra2 Nf5 25.Rd3 Qb5 26.Qd1 Nd4 27.Kg2 Be5 28.Bd2 Rxb2 29.Rxb2
Qxd3 30.Bb4 Qxf3+ {#R} 0-1

[Event "It \"]
[Site "masterchessopen.com - Helsingor (Denmark)"]
[Date "2012.07.29"]
[Round "2"]
[White "Pedersen Carl Aage (DEN)"]
[Black "Leutwyler Martin (SUI)"]
[Result "0-1"]
[WhiteElo "1739"]
[BlackElo "2190"]

1.d4 f5 2.g3 Nf6 3.c4 g6 4.Bg2 Bg7 5.Nf3 O-O 6.O-O d6 7.Nc3 Nc6 8.e3 e5 9.d5
Ne7 10.Qc2 h6 11.h4 Bd7 12.Bd2 Kh8 13.Rfe1 Nh5 14.Ne2 Ng8 15.Nh2 g5 16.hxg5
Qxg5 17.Nf3 Qg4 18.Nh2 Qg6 19.Kh1 Ngf6 20.Nc3 Rg8 21.Rg1 Qxg3 22.Be1 Qh4 23.f3
Ng3+ 24.Bxg3 Qxg3 25.Ne2 Nh5 26.Qd2 Qf2 27.Bh3 Qh4 28.Bg2 Bf6 29.Qe1 Qxc4
30.Rc1 Qxe2 {#R} 0-1

[Event "Tournament (Elo) (a)"]
[Site "masterchessopen.com - Almansa (Spain)"]
[Date "2012.08.11"]
[Round "8"]
[White "Berrocal Jorge (BOL)"]
[Black "Gil Quilez David (ESP)"]
[Result "0-1"]
[WhiteElo "2240"]
[BlackElo "2179"]

1.c4 f5 2.Nf3 Nf6 3.Nc3 d6 4.d4 g6 5.g3 Bg7 6.Bg2 O-O 7.O-O Nc6 8.d5 Na5 9.Qd3
c5 10.Ng5 Ng4 11.b3 Rb8 12.Bd2 a6 13.h3 Ne5 14.Qc2 h6 15.Ne6 Bxe6 16.dxe6 b5
17.cxb5 axb5 18.Nd5 b4 19.a3 Nec6 20.axb4 cxb4 21.Be3 Rb5 22.Qd3 Rc5 23.Ra4
Nb7 24.Qa6 Nca5 25.Rxb4 Rxd5 26.Bxd5 Nc5 27.Rb8 Nxa6 28.Rxd8 Rxd8 29.Bd2 Rb8
30.Bxa5 Rb5 31.Bd8 Rxd5 32.Bxe7 Nc5 {#R} 0-1